书目信息 |
| 题名: |
中国的鸟
|
|
| 作者: | 张词祖 , 庞秉璋 | |
| 分册: | ||
| 出版信息: | 北京 中国林业出版社 2000.05 |
|
| 页数: | 178页 | |
| 开本: | 29cm | |
| 丛书名: | ||
| 单 册: | ||
| 中图分类: | Q959.7(2)-64 | |
| 科图分类: | ||
| 主题词: | 动物学:分类学 | |
| 电子资源: | ||
| ISBN: | 7-5038-1597-3 | |
| 000 | 00600nam0 2200205 45 | |
| 001 | 0258038995 | |
| 005 | 2002041016071817 | |
| 010 | @a7-5038-1597-3@dRMB 180.00 | |
| 100 | @a20020410d2000 km y0chiy0120 ea | |
| 101 | 0 | @achi |
| 102 | @aCN@b110000 | |
| 200 | 1 | @a中国的鸟@AZhong Guo De Niao@f张词祖,庞秉璋@FZhang Ci Zu,Pang Bing Zhang |
| 210 | @a北京@c中国林业出版社@d2000.05 | |
| 215 | @a178页@d29cm | |
| 606 | 0 | @a动物学:分类学 |
| 690 | @aQ959.7(2)-64@v3 | |
| 701 | 0 | @a张词祖@AZhang Ci Zu |
| 701 | 0 | @a庞秉璋@APang Bing Zhang |
| 801 | 0 | @aCN@bPFT@c20020410 |
| 905 | @a安徽大学@dQ959.7(2)-64@eZ089 | |
| 中国的鸟/张词祖,庞秉璋.-北京:中国林业出版社,2000.05 |
| 178页;29cm |
| ISBN 7-5038-1597-3:RMB 180.00 |
| ● |
| 相关链接 |
|
|
|
正题名:中国的鸟
索取号:Q959.7(2)-64/Z089
 
预约/预借
| 序号 | 登录号 | 条形码 | 馆藏地/架位号 | 状态 | 备注 |
| 1 | 355653 | 203556534 | 生命科学与工程学院资料室/ [索取号:Q959.7(2)-64/Z089] | 在馆 |